000 00272nam a2200121Ia 4500
008 250224s9999 xx 000 0 und d
020 _a9781848352346
082 _aJ595.7JEN
100 _aJennings Terry
245 0 _aBugs
942 _cJBK
999 _c476720
_d476720